Statistics for English League Championship Table 2016/17

Click here to take the quiz!

General Stats

  • This quiz has been taken 33 times
  • The average score is 10 of 24

Answer Stats

StandingTeamG.DPts.% Correct
1Newcastle United+4594
100%
2Brighton and Hove Albion+3493
92%
3Reading+485
83%
5Huddersfield Town-281
75%
4Sheffield Wednesday+1581
75%
6Fulham+2880
71%
7Leeds United+1475
63%
9Derby County+467
54%
8Norwich City+1670
54%
22Blackburn Rovers-1251
50%
13Aston Villa-162
33%
19Birmingham City-1953
33%
21Nottingham Forest-1051
33%
24Rotherham United-5823
33%
23Wigan Athletic-1742
29%
12Cardiff City-162
25%
11Preston North End+162
25%
18Queens Park Rangers-1453
25%
16Ipswich Town-1055
21%
14Barnsley-358
17%
10Brentford+1064
17%
17Bristol City-654
17%
20Burton Albion-1452
13%
15Wolverhampton Wanderers-458
4%

Score Distribution

Percentile by Number Answered

Percent of People with Each Score

Your Score History

You have not taken this quiz